LEADER 01121nam a2200229 i 4500 001 000000018227 003 CaOOAMICUS 005 20180830125444.0 008 180830n it u000 u ita u 040 $aSeMil$bita 100 1 $aD'Annunzio, Gabriele,$d<1863-1938>.$0(OLS)http://semarc/name/1300 245 10$aLaudi del cielo del mare della terra e degli eroi /$cGabriele D'Annunzio ; con interpretazione e commento di Enzo Palmieri. 260 $aBologna :$bNicola Zanichelli,$c[194?] 300 $av. ;$c20 cm. 700 1 $aPalmieri, Enzo.$0(OLS)http://semarc/name/8242 774 0 $aD'Annunzio, Gabriele <1863-1938>$tMaia.$gLibro1$w()163402 774 0 $aD'Annunzio, Gabriele <1863-1938>$tElettra.$gLibro2$w()163403 774 0 $aD'Annunzio, Gabriele <1863-1938>$tAlcyone.$gLibro3$w()163404 774 0 $aD'Annunzio, Gabriele <1863-1938>$tMerope.$gLibro4$w()163405 774 0 $aD'Annunzio, Gabriele <1863-1938>$tAsterope.$gLibro5$w()163406 996 $6245$aLaudi del cielo del mare della terra e degli eroi$9(OLS)http://semarc/title/24048 996 $6260$aBologna :$bNicola Zanichelli$9(OLS)http://semarc/publisher/30307 LEADER 01404nam a2200205 i 4500 001 000000063552 003 CaOOAMICUS 005 19980814000000.0 008 980814s1889 it u000 u ita u 013 $a34724 040 $aSeMil$bita 245 10$aTesto Unico della legge comunale e provinciale del Regno :$bapprovato con Regio Decreto 10 febbraio 1889 ; regolamento approvato con R. Decreto 10 giugno 1889 : coll'aggiunta dei decreti per l'applicazione di detta legge e regolamento. 300 $a89 p. ;$c24 cm. 490 0 $aRaccolta di leggi speciali italiane e trattati internazionali. Ser. 2 650 4$aComune - Legislazione.$0(OLS)http://semarc/subject/8981 773 0 $tNuova legge sulla amministrazione comunale e provinciale.$dTorino : Unione Tipografico-Editrice, 1889-1898.$kRaccolta di leggi speciali italiane e trattati internazionali. Ser. 2$gAll.1$w()1047 830 0$aRaccolta di leggi speciali italiane e trattati internazionali. Ser. 2.$0(OLS)http://semarc/title/6331 850 $aSeMil 852 $aSeMil$W1$xVenegono$y1$m3L IV 76 FA$j29705$B29705$CSeMilBibl$Z2$F29708 $8I 996 $6245$aTesto Unico della legge comunale e provinciale del Regno :$bapprovato con Regio Decreto 10 febbraio 1889 ; regolamento approvato con R. Decreto 10 giugno 1889 : coll'aggiunta dei decreti per l'applicazione di detta legge e regolamento$9(OLS)http://semarc/title/100432